International Court Cases- Countries Quiz Stats

 Plays Quiz not verified by Sporcle

Challenge
Share
Tweet
Embed
Score 0/88 Timer 08:00
0 Plays Today
Country % Correct
United States
100%
Germany
97.1%
United Kingdom
95.7%
France
95.7%
Russia
94.2%
Australia
92.8%
Spain
91.3%
Canada
89.9%
Mexico
89.9%
Portugal
85.5%
Norway
84.1%
Sweden
84.1%
Italy
82.6%
India
82.6%
New Zealand
82.6%
Netherlands
81.2%
South Africa
81.2%
Turkey
81.2%
Iran
79.7%
Argentina
79.7%
Finland
79.7%
Belgium
78.3%
Greece
78.3%
Denmark
76.8%
Chile
76.8%
Romania
75.4%
Peru
73.9%
Pakistan
73.9%
Hungary
73.9%
Switzerland
72.5%
Country % Correct
Egypt
72.5%
Colombia
71%
Serbia and Montenegro
69.6%
Israel
69.6%
Indonesia
69.6%
Bulgaria
68.1%
Niger
66.7%
Iceland
66.7%
Nigeria
65.2%
Slovakia
65.2%
Nicaragua
63.8%
Ecuador
63.8%
Democratic Republic of Congo
62.3%
Libya
62.3%
Honduras
60.9%
Malaysia
60.9%
Guatemala
59.4%
Tunisia
59.4%
Croatia
59.4%
Ukraine
59.4%
Uruguay
59.4%
Costa Rica
56.5%
Albania
56.5%
Singapore
56.5%
Bosnia and Herzegovina
55.1%
Paraguay
55.1%
Ethiopia
53.6%
El Salvador
53.6%
Thailand
52.2%
Lebanon
50.7%
Country % Correct
Chad
50.7%
Georgia
50.7%
Macedonia
50.7%
Cambodia
46.4%
Senegal
44.9%
Rwanda
44.9%
Liberia
44.9%
Namibia
44.9%
Republic of Congo
44.9%
Malta
43.5%
Mali
43.5%
Uganda
43.5%
Cameroon
40.6%
Qatar
40.6%
Bahrain
40.6%
Guinea
40.6%
Burundi
40.6%
Burkina Faso
36.2%
Guinea-Bissau
36.2%
Botswana
36.2%
Benin
36.2%
Liechtenstein
34.8%
Yugoslavia
31.9%
Dominica
30.4%
Soviet Union
29%
Djibouti
29%
Czechoslovakia
24.6%
Nauru
17.4%

You're not logged in!

Compare scores with friends on all Sporcle quizzes.
Join for Free
OR
Log In

You Might Also Like...

Show Comments

Extras

Top Quizzes Today


Score Distribution

Your Account Isn't Verified!

In order to create a playlist on Sporcle, you need to verify the email address you used during registration. Go to your Sporcle Settings to finish the process.

Report this User

Report this user for behavior that violates our Community Guidelines.

Details: